Cities of Myanmar - Satellite - Statistics

General Stats
  • This quiz has been taken 2 times
  • The average score is 8 of 12
Answer Stats
Picture Answer % Correct
Mandalay
100%
Mawlamyine
100%
Sittwe
100%
Yangon
100%
Bassein
50%
Muse
50%
Myeik
50%
Myitkyina
50%
Naypyidaw
50%
Pyay
50%
Sagaing
50%
Hakha
0%
No matching quizzes found
Score Distribution
Percent of People with Each Score
Percentile by Number Answered
Your Score History
You have not taken this quiz